| 000 | 01444nam a2200361 a 4500 | ||
|---|---|---|---|
| 001 | ebr10657552 | ||
| 003 | CaPaEBR | ||
| 006 | m u | ||
| 007 | cr cn||||||||| | ||
| 008 | 120813s2013 enka sbf 001 0 eng d | ||
| 010 | _z 2012032718 | ||
| 020 | _z9781118272206 (pbk. : alk. paper) | ||
| 020 | _z9781118522608 (e-book) | ||
| 040 |
_aCaPaEBR _cCaPaEBR |
||
| 035 | _a(OCoLC)842879369 | ||
| 050 | 1 | 4 |
_aRD35 _b.G73 2013eb |
| 082 | 0 | 4 |
_a617/.9 _223 |
| 100 | 1 |
_aGrace, P. A. _q(Pierce A.) |
|
| 245 | 1 | 0 |
_aSurgery at a glance _h[electronic resource] / _cPierce Grace, Neil R. Borley. |
| 250 | _a5th ed. | ||
| 260 |
_aChichester : _bWiley-Blackwell, _c2013. |
||
| 300 |
_a207 p. : _bcol. ill. |
||
| 504 | _aIncludes bibliographical references and index. | ||
| 505 | 0 | _apt. 1. Clinical presentations at a glance -- pt. 2. Surgical diseases at a glance. | |
| 533 |
_aElectronic reproduction. _bPalo Alto, Calif. : _cebrary, _d2013. _nAvailable via World Wide Web. _nAccess may be limited to ebrary affiliated libraries. |
||
| 650 | 0 |
_aDiagnosis, Surgical _vHandbooks, manuals, etc. |
|
| 650 | 0 |
_aOperations, Surgical _vHandbooks, manuals, etc. |
|
| 650 | 0 |
_aSurgery _vHandbooks, manuals, etc. |
|
| 655 | 7 |
_aElectronic books. _2local |
|
| 700 | 1 | _aBorley, Neil R. | |
| 710 | 2 | _aebrary, Inc. | |
| 856 | 4 | 0 |
_uhttp://site.ebrary.com/lib/rucke/Doc?id=10657552 _zAn electronic book accessible through the World Wide Web; click to view |
| 999 |
_c76952 _d76952 |
||